Los historiadores de la matemática española / (Record n. 3731)

Dettagli MARC
000 -LEADER
fixed length control field 00760nam a2200217 i 4500
003 - CONTROL NUMBER IDENTIFIER
control field IT-RoINE
005 - DATE AND TIME OF LATEST TRANSACTION
control field 20201120133653.0
008 - FIXED-LENGTH DATA ELEMENTS--GENERAL INFORMATION
fixed length control field 020131s1935 sp | r 000 0 spa d
040 ## - CATALOGING SOURCE
Original cataloging agency SpMaBN
Language of cataloging spa
Transcribing agency IT-RoINE
Description conventions rdc
Modifying agency IT-RoINE
100 1# - MAIN ENTRY--PERSONAL NAME
Personal name Vera, Francisco,
Dates associated with a name 1888-1967
9 (RLIN) 7733
245 14 - TITLE STATEMENT
Title Los historiadores de la matemática española /
Statement of responsibility, etc por Francisco Vera.
260 ## - PUBLICATION, DISTRIBUTION, ETC. (IMPRINT)
Place of publication, distribution, etc Madrid :
Name of publisher, distributor, etc Victoriano Suárez,
Date of publication, distribution, etc 1935.
300 ## - PHYSICAL DESCRIPTION
Extent 167 p. ;
Dimensions 15 cm.
336 ## - CONTENT TYPE
Source rdacontent
Content type term text
337 ## - MEDIA TYPE
Source rdamedia
Media type term unmediated
338 ## - CARRIER TYPE
Source rdacarrier
Carrier type term volume
490 1# - SERIES STATEMENT
Series statement Biblioteca Española de Divulgación Científica ;
Volume number/sequential designation 14
650 #4 - SUBJECT ADDED ENTRY--TOPICAL TERM
9 (RLIN) 7734
Topical term or geographic name as entry element Matemáticas
Geographic subdivision España
General subdivision Historia
830 #0 - SERIES ADDED ENTRY--UNIFORM TITLE
9 (RLIN) 7735
Uniform title Biblioteca española de la divulgación científica ;
Volume number/sequential designation 14
942 ## - ADDED ENTRY ELEMENTS (KOHA)
Item type Monografías
Dati di copia
Withdrawn status Lost status Damaged status Not for loan Home library Current library Date acquired Total Checkouts Full call number Barcode Date last seen Price effective from Koha item type
        Iglesia Nacional Española en Roma Iglesia Nacional Española en Roma 16/05/2014   HIS.ESP.0. 47 4266 16/05/2014 16/05/2014 Monografías